[Event "1st Guwahati GM Open 2022"]
[Site "Guwahati"]
[Date "2022.03.15"]
[Round "2.1"]
[White "Mohit Kumar Soni"]
[Black "Ponkratov, Pavel"]
[Result "0-1"]
[WhiteElo "1856"]
[BlackElo "2641"]
[Annotator "TA"]
[PlyCount "48"]
[EventDate "2022.03.15"]
[EventRounds "10"]
[EventCountry "IND"]
[SourceTitle "playchess.com"]
[Source "ChessBase"]
[SourceQuality "1"]

{[%evp 13,48,-43,-52,-49,-22,-68,-68,-356,-317,-371,-358,-364,-362,-577,-567,-565,-552,-715,-716,-689,-605,-616,-431,-675,-493,-971,-943,-1281,-1278,-1269,-1260,-1197,-872,-862,-861,-808,-792]} 1. e4 e5 2. d4 exd4 3. Qxd4 Nc6 4. Qe3 Nf6 5. Nc3 Bb4 6. Bd2 O-O 7. O-O-O Re8 $1 8. f3 {[#] C22: Centre Game.} a5 $146 ({Predecessor:} 8... d5 9. Qf2 dxe4 10. Bg5 Bd7 11. Nd5 Be7 12. Nxe7+ Qxe7 13. Bxf6 gxf6 14. fxe4 Rad8 15. Qg3+ Kh8 16. Qxc7 Bg4 17. Rxd8 Rxd8 18. Qxe7 Rd1# {0-1 (18) Stankovic,I (2255)-Howell,D (2646) Chess.com INT 2022}) 9. g4 (9. Qf2 $11 {feels stronger.}) 9... d5 $15 {Threatens to win with ...d4.} 10. g5 $2 {[%mdl 8192] [#]} (10. Be1 $15) 10... d4 $1 $19 11. Qf2 (11. Qf4 dxc3) 11... dxc3 12. Bxc3 Nd7 {White must now prevent ...Bxc3.} 13. h4 (13. Ne2 {was called for.}) 13... Bxc3 {Black is clearly winning.} 14. bxc3 Qe7 15. g6 Qa3+ 16. Kd2 hxg6 17. h5 Qc5 18. Qh2 (18. Qxc5 $142 Nxc5 19. hxg6) 18... gxh5 19. Kc1 (19. Qxh5 $142 Qxh5 20. Rxh5) 19... Nf6 20. Rd5 Nxd5 21. Qxh5 Qe3+ 22. Kb2 {[#]} Qh6 $1 23. Qxh6 (23. exd5 Qxh5) 23... gxh6 24. exd5 {[#]} Re1 $1 {Black took control after the opening.  Weighted Error Value: White=1.52/Black=0.36} 0-1

[Event "1st Guwahati GM Open 2022"]
[Site "Guwahati"]
[Date "2022.03.15"]
[Round "2.2"]
[White "Delgado Ramirez, Neuris"]
[Black "Baghirova, Khatun"]
[Result "1-0"]
[WhiteElo "2615"]
[BlackElo "1855"]
[Annotator "TA"]
[PlyCount "57"]
[EventDate "2022.03.15"]
[EventRounds "10"]
[EventCountry "IND"]
[SourceTitle "playchess.com"]
[Source "ChessBase"]
[SourceQuality "1"]

{[%evp 15,57,14,4,0,13,19,43,9,87,82,79,82,85,79,105,110,109,118,111,89,162,175,171,152,166,175,186,186,187,191,258,260,418,420,468,466,410,407,617,527,1204,1188,1639,1054]} 1. e4 c5 2. Nf3 d6 3. Bc4 {[%cal Bf1c4,Bc4b3,Bb3c2][%mdl 32]} e6 4. d3 Nc6 5. c3 Nf6 6. Bb3 Be7 7. O-O O-O 8. Re1 b5 9. d4 {B50: Sicilian: 2...d6, Miscellaneous.} Na5 10. Bc2 Bb7 {[#]} 11. Nbd2 $146 {White is slightly better.} ({Predecessor:} 11. dxc5 dxc5 12. Qe2 a6 13. e5 Nd5 14. Qe4 g6 15. Qg4 Kg7 16. Nbd2 c4 17. Ne4 {1-0 (56) Godena,M (2541)-Brunello,M (2155) Cento 2011}) 11... Nc4 (11... Qc7 $11) 12. Nxc4 $16 bxc4 13. dxc5 d5 {[%cal Rf6e4]} 14. e5 Nd7 15. c6 Bxc6 16. Nd4 Bb7 17. Qg4 {Threatens to win with Re3. White is more active.} Nc5 (17... Re8 $16) 18. Bh6 $1 $40 {[%csl Gh6][%cal Rg4g7][%mdl 128] White has strong attack.} g6 19. Bxf8 Bxf8 20. h4 {[%cal Bh2h4,Bh4h5][%mdl 32]} Bg7 21. h5 Qe7 22. Re3 {[%cal Be1e3,Be3h3,Bh3h7][%mdl 32]} Rf8 (22... a5 $142 23. f4 (23. hxg6 hxg6 24. b3 Ba6 $18) 23... a4 24. hxg6 hxg6) 23. hxg6 fxg6 (23... hxg6 24. b4 cxb3) 24. b4 cxb3 25. axb3 {[%cal Ba2b3,Bb3b4][%mdl 32]} ({Not} 25. Nxb3 Ne4 $18) 25... Bc8 26. b4 Na6 (26... Ne4 $142 27. Bxe4 dxe4 28. Qxe4 a6) 27. Rh3 {White is clearly winning.} Nb8 {[#]} 28. Rxh7 $3 {[%mdl 512]} Qf7 {[#]} (28... g5 29. Qh5) 29. Nf3 $1 {[%mdl 512] White took control after the opening.  Weighted Error Value: White=0.07 (flawless) /Black=0.48} 1-0

[Event "1st Guwahati GM Open 2022"]
[Site "Guwahati"]
[Date "2022.03.15"]
[Round "2.3"]
[White "Bristy Mukherjee"]
[Black "Mosadeghpour, Masoud"]
[Result "0-1"]
[WhiteElo "1856"]
[BlackElo "2511"]
[Annotator "TA"]
[PlyCount "59"]
[EventDate "2022.03.15"]
[EventRounds "10"]
[EventCountry "IND"]
[SourceTitle "playchess.com"]
[Source "ChessBase"]
[SourceQuality "1"]

{[%evp 9,59,-79,-63,-130,-114,-210,-200,-240,-209,-216,-230,-275,-291,-266,-269,-259,-262,-262,-260,-533,-537,-535,-533,-571,-567,-633,-596,-608,-603,-684,-685,-1061,-1011,-993,-987,-1216,-1080,-1105,-1102,-1084,-864,-1280,-1285,-29995,-29996,-29996,-29997,-29997,-29998,-29998,-29999,-29999]} 1. d4 Nf6 2. Bg5 d5 3. e3 Nbd7 4. f4 c5 {[%cal Bc7c5,Bc5c4][%mdl 32]} 5. c3 {[#]} Qb6 $1 6. Qb3 {[#] D00: 1 d4 d5: Unusual lines.} (6. Qc1 $15) 6... Qe6 $146 ({Predecessor:} 6... Ne4 7. Nf3 e6 8. Nbd2 Ndf6 9. Bxf6 Nxf6 10. Ne5 Bd7 11. Be2 Bd6 12. O-O Qxb3 13. axb3 {½-½ (60) Sotsky,A (2410)-Kalinowski,R (2199) Warsaw 2009}) 7. Bxf6 (7. c4 $17) 7... c4 $19 (7... exf6 8. Kf2 $17) (7... Nxf6 8. Qb5+ Bd7 9. Qe2) (7... gxf6 8. Kf2 $11) 8. Qa4 {Black is clearly better.} Qxe3+ ({Weaker is} 8... gxf6 9. Kf2 $15) ({And not} 8... Qxf6 9. Nd2 $11) (8... exf6 9. Kf2 $17) 9. Ne2 {Hoping for Be5.} exf6 ({Worse is} 9... gxf6 10. Na3) 10. h4 Bd6 11. Rh3 Qe7 12. Kf2 {Black must now prevent Re3.} O-O 13. Re3 Qd8 14. f5 $2 {[#]} (14. Qc2) 14... Ne5 $1 {[%mdl 512]} 15. dxe5 fxe5 {Threatens to win with ...Bc5.} 16. Qb5 {Inhibits Bc5.} Bc7 17. g3 a6 18. Qa4 Bb6 19. Na3 Qf6 20. Ng1 Bxe3+ 21. Kxe3 Qb6+ 22. Kf3 Qxg1 23. Qc2 e4+ 24. Kf4 Qb6 25. Qg2 {[#]} Bxf5 $1 {[%cal Of5h3] Strongly threatening ...Bh3!} 26. Kxf5 (26. g4 Be6) 26... h5 {[%csl Gg7][%cal Rb6f6] Black mates.} 27. Kf4 Qh6+ 28. Ke5 Rad8 {[%csl Gg7][%cal Rh6f6]} 29. Qf2 Rfe8+ 30. Kd4 {White did not feel at home in the position after the opening.  Weighted Error Value: White=1.03/Black=0.19 (very precise)} 0-1

[Event "1st Guwahati GM Open 2022"]
[Site "Guwahati"]
[Date "2022.03.15"]
[Round "2.4"]
[White "Fawzy, Adham"]
[Black "Tadam Dupit"]
[Result "1-0"]
[WhiteElo "2476"]
[BlackElo "1788"]
[Annotator "TA"]
[PlyCount "69"]
[EventDate "2022.03.15"]
[EventRounds "10"]
[EventCountry "IND"]
[SourceTitle "playchess.com"]
[Source "ChessBase"]
[SourceQuality "1"]

{[%evp 13,69,-35,-48,-32,51,44,225,97,204,172,216,218,229,240,244,245,243,170,172,185,255,258,313,300,353,348,327,280,325,314,393,361,435,425,467,459,481,470,886,558,5693,5701,1360,1342,5785,5125,29987,988,5589,5389,1960,618,1191,1149,29991,29992,29992,-1201]} 1. e4 e5 2. Nf3 Nc6 3. Bc4 Bc5 4. O-O Nf6 5. d4 Bxd4 6. Nxd4 Nxd4 7. Bg5 h6 8. Bh4 {C50: Hungarian Defence and Giuoco Pianissimo.} g5 ({Better is} 8... Qe7 $15) 9. f4 $1 $14 {[%cal Oc4f7]} Ne6 $2 (9... Nxe4 10. fxe5 d5 11. Qxd4 $16) ({Black should play} 9... d5 $14 10. exd5 Bg4) 10. fxe5 (10. Bxe6 $18 {is the precise move to win.} exf4 11. Bb3) 10... Nh7 {[#]} (10... gxh4 $16 {might work better.} 11. Rxf6 Qe7) 11. Bg3 $146 ({Predecessor:} 11. Qh5 Qe7 12. Bf2 Nf4 13. Qd1 b6 14. Nc3 Bb7 15. Bd4 Rg8 16. Nd5 Nxd5 17. exd5 {1-0 (30) Pages Lopez,D (1793)-Cros Garcia,M (1928) Banyoles 2018}) 11... Qe7 (11... Nhf8 {was called for.} 12. Nc3 c6) 12. Kh1 $18 b6 13. Nc3 {[#] Strongly threatening Nd5.} c6 {Prevents Nd5.} 14. a4 {[%cal Ba2a4,Ba4a5][%mdl 32]} Nhf8 15. a5 {Hoping for axb6.} b5 16. Bxb5 Ng6 (16... Rb8 $142 17. Be2 Ng6) 17. Bc4 h5 18. Rf5 g4 19. Qd6 h4 20. Be1 Rh7 21. Rd1 Ngf8 22. Bf2 (22. Qxe7+ Kxe7 23. Be2 g3 24. hxg3 hxg3+ 25. Kg1 Rg7 $18) 22... g3 23. Be3 ({Less strong is} 23. Qxe7+ Kxe7 24. Be1 Nc7 25. hxg3 hxg3+ 26. Kg1 Ba6 $18) 23... gxh2 24. a6 ({Not} 24. Qxe7+ Kxe7 25. Kxh2 Ke8 $18) 24... Ng6 25. Rdf1 Qd8 (25... Kf8 $142 26. Bxe6 Qxd6 27. Rxf7+ Rxf7 28. Rxf7+ (28. exd6 $2 {is the wrong capture.} Rxf1+ 29. Kxh2 dxe6 $19) 28... Kg8 29. exd6 dxe6) 26. b4 {[%cal Of5f7] aiming for Rxf7!} Ne7 {[#]} 27. Rxf7 $3 {[%mdl 512]} Rxf7 28. Rxf7 {White threatens Bxe6 and mate.} Kxf7 29. Bxe6+ {[%mdl 64] Pin} Kg7 30. Bg5 (30. Bf5 $142 Nxf5 31. exf5 h3 32. gxh3 Qh4 33. Qg6+ Kh8 34. f6 Qh7 35. Qe8+ Qg8 36. f7) 30... Qe8 31. Bf6+ {A strong pair of Bishops.} Kh7 32. Bg4 (32. Bf5+ $142 Kg8 33. Bxe7) 32... Ng6 33. Bf5 {Qd1 would kill now.} Bxa6 34. Qd1 Kh6 35. Qh5+ $4 {[%mdl 40960] Black got outplayed after the opening.  Weighted Error Value: White=0.38/Black=0.96. Loss on time!?} 1-0

[Event "1st Guwahati GM Open 2022"]
[Site "Guwahati"]
[Date "2022.03.15"]
[Round "2.5"]
[White "Lakshyesh Mohan Gupta"]
[Black "Mirzoev, Azer"]
[Result "0-1"]
[WhiteElo "1777"]
[BlackElo "2468"]
[Annotator "TA"]
[PlyCount "58"]
[EventDate "2022.03.15"]
[EventRounds "10"]
[EventCountry "IND"]
[SourceTitle "playchess.com"]
[Source "ChessBase"]
[SourceQuality "1"]

{[%evp 9,58,36,34,16,20,-25,-21,-36,-29,-39,-28,-26,-29,-32,-41,-50,-41,-297,-303,-404,-371,-392,-395,-418,-403,-791,-758,-702,-682,-684,-634,-632,-638,-1145,-943,-1158,-1155,-1592,-1361,-1330,-758,-943,-911,-900,-896,-1170,-1169,-1118,-1149,-1111,-1099]} 1. e4 e5 2. Nf3 Nc6 3. Bc4 Bc5 4. b4 Bb6 5. a4 a6 6. a5 {C51: Evans Gambit: Declined and Accepted without 5...Ba5.} Ba7 7. Bb2 (7. c3 {was preferrable.}) 7... d6 $11 8. b5 {The position is equal.} axb5 9. Bxb5 Nge7 10. d4 exd4 11. Nxd4 O-O 12. Nxc6 {[#]} Nxc6 $146 ({Predecessor:} 12... bxc6 13. Bd3 f5 14. O-O Ng6 15. exf5 Bxf5 16. Bxf5 Rxf5 17. Bd4 c5 18. Be3 d5 {1-0 (41) Cutter,P (2205)-Whitworth,P Guernsey 1989}) 13. a6 $2 {[%mdl 8192] [#]} (13. O-O $15) 13... Qg5 $1 $19 {[%csl LRb5,LRg2]} 14. Bxc6 Qxg2 {[%csl Ga7][%cal Rg2f2]} ({Inferior is} 14... bxc6 15. O-O $17) 15. Rf1 bxc6 16. Nd2 Bg4 {To avoid Qe2} 17. Qc1 (17. f3 $142 Bh3 18. Qe2) 17... f5 {Black is clearly winning.} 18. e5 Rfe8 19. Ra3 f4 20. f3 Bh3 {This bishop pair is nice.} 21. Kd1 Bc5 22. Rb3 Rxa6 23. c4 dxe5 24. Re1 Be3 25. Re2 Qg1+ 26. Re1 Qxh2 27. Re2 Qg1+ 28. Re1 Qg6 {White must now prevent ...Ra2.} 29. Qc2 Bf5 {White did not feel at home in the position after the opening.  Weighted Error Value: White=1.25/Black=0.36} 0-1

[Event "1st Guwahati GM Open 2022"]
[Site "Guwahati"]
[Date "2022.03.15"]
[Round "2.6"]
[White "Tahbaz, Arash"]
[Black "Karki, Rajiv"]
[Result "1-0"]
[WhiteElo "2469"]
[BlackElo "1776"]
[Annotator "TA"]
[PlyCount "63"]
[EventDate "2022.03.15"]
[EventRounds "10"]
[EventCountry "IND"]
[SourceTitle "playchess.com"]
[Source "ChessBase"]
[SourceQuality "1"]

{[%evp 25,63,53,67,53,76,67,82,61,81,72,183,168,384,383,434,421,660,652,882,881,859,917,908,871,2362,2120,29985,29986,29992,29993,29993,29992,29992,29993,29993,29992,29992,29992,29993,29993]} 1. e4 c5 2. Nf3 g6 3. d4 cxd4 4. Nxd4 Nc6 5. c4 Nf6 6. Nc3 Bg7 7. Be3 Ng4 8. Qxg4 Nxd4 9. Qd1 Nc6 10. Qd2 Qa5 11. Rc1 O-O 12. Be2 d6 13. O-O Be6 14. f4 {B39: Sicilian: Maroczy Bind with 5...Bg7 and 7...Ng4.} Rfc8 {[#]} 15. a3 $146 ({Predecessor:} 15. Rfd1 Rab8 16. a3 a6 17. Nd5 Qxd2 18. Rxd2 Bxd5 19. cxd5 Na5 20. Rcc2 Rxc2 21. Rxc2 Nb3 {1-0 (47) Petrov,M (2423)-Raev,R (2315) Plovdiv 2007}) 15... a6 {[%cal Ob7b5]} 16. b4 {White is better.} Qxa3 17. f5 gxf5 (17... Bd7 $16) 18. exf5 $18 {[%cal Be4f5,Bf5f6,Bf6e7][%mdl 32]} Bxc4 (18... Bd7 {was called for.}) 19. Bxc4 Nxb4 20. Ne4 {Black must now prevent f6.} d5 {[#]} (20... b5 $142 21. f6 Rxc4) 21. f6 $1 dxc4 (21... exf6 22. Ra1) 22. Bh6 Qa5 23. Bxg7 {White wants to mate with Qh6.} Qd5 24. Qe3 {[%cal Of6e7]} Nd3 25. Bh6 {[#] Threatening mate with Qg3+.} Qh5 26. fxe7 {White mates.} Kh8 27. Nd6 {[%csl LRb7,LRc4,LRc8,LRf7]} Qc5 28. Nxc8 Qxe3+ 29. Bxe3 Rxc8 30. Rxc4 Re8 31. Rd4 Ne5 32. Rd8 {Black did not feel at home in the position after the opening.  Weighted Error Value: White=0.01 (flawless) /Black=0.88} 1-0

[Event "1st Guwahati GM Open 2022"]
[Site "Guwahati"]
[Date "2022.03.15"]
[Round "2.7"]
[White "Mandloi, Mukesh"]
[Black "Rios, Cristhian Camilo"]
[Result "0-1"]
[WhiteElo "1749"]
[BlackElo "2449"]
[Annotator "TA"]
[PlyCount "52"]
[EventDate "2022.03.15"]
[EventRounds "10"]
[EventCountry "IND"]
[SourceTitle "playchess.com"]
[Source "ChessBase"]
[SourceQuality "1"]

{[%evp 12,52,-5,0,0,6,17,-59,-50,-44,-53,-47,-43,-72,-74,-95,-89,-129,-121,-118,-121,-117,-124,-141,-143,-215,-214,-190,-185,-234,-214,-456,-181,-462,-462,-440,-410,-669,-654,-624,-624,-1252,-1133]} 1. d4 {Edouard,Romain} d5 2. c4 e6 3. Nc3 Bb4 4. Qa4+ Nc6 5. Nf3 Nf6 6. Bg5 dxc4 7. e3 Qd5 {aiming for ...Ne4. D39: Queen's Gambit Declined: Ragozin Defence with 5 Bg5 dxc4.} 8. Bxf6 gxf6 9. a3 (9. Nd2 $11 Bxc3 10. bxc3) 9... Bxc3+ $15 {Black is slightly better.} 10. bxc3 b5 11. Qc2 a6 {[%cal Ba7a6,Ba6b5][%mdl 32] [#]} 12. Be2 $146 ({Predecessor:} 12. e4 Qd6 13. g3 Bb7 14. Bg2 e5 15. Rd1 Qxa3 16. O-O O-O-O 17. Ra1 Qb3 18. Qc1 {½-½ (73) Harikrishna,P (2719)-Wojtaszek,R (2719) Biel 2020 CBM 197 Extra [Edouard,Romain]}) 12... Bb7 13. a4 Na5 14. axb5 axb5 15. O-O Rg8 16. Qxh7 {[#]} Ke7 $1 17. Rxa5 {[#]} Rh8 18. Qb1 (18. Rxa8 $17 {was called for.} Rxh7 19. Ra7) 18... Rxa5 $19 19. e4 Qd6 {[%cal Of6f5] Hoping for ...f5!} 20. e5 (20. h3 {was worth a try.}) 20... fxe5 21. dxe5 (21. Nxe5 {was forced.} c5 22. h3) 21... Qc5 $2 (21... Qa3 22. Qc1 Qxc1 23. Rxc1 Ra2) 22. Rd1 $2 (22. Qc1 {was the only chance.}) 22... Bxf3 23. Bxf3 Rd8 {And now ...Rxd1+ would win.} 24. g3 (24. Rf1 $142 Rd3 25. Qe1) 24... Rxd1+ {Black is clearly winning.} 25. Bxd1 Ra7 26. Qe4 Ra1 {White got outplayed after the opening.  Weighted Error Value: White=0.83/Black=0.16 (very precise)} 0-1

[Event "1st Guwahati GM Open 2022"]
[Site "Guwahati"]
[Date "2022.03.15"]
[Round "2.8"]
[White "Nigmatov, Ortik"]
[Black "Anabil Goswami"]
[Result "0-1"]
[WhiteElo "2445"]
[BlackElo "1334"]
[Annotator "TA"]
[PlyCount "92"]
[EventDate "2022.03.15"]
[EventRounds "10"]
[EventCountry "IND"]
[SourceTitle "playchess.com"]
[Source "ChessBase"]
[SourceQuality "1"]

{[%evp 10,92,6,-25,-22,-46,-33,-36,-29,-33,-31,-50,-46,-54,-35,-66,-58,-63,-43,-42,-31,-78,-17,-70,-59,-62,-9,-12,0,0,0,0,0,-37,-27,-21,79,86,69,47,37,-12,-10,-13,0,-78,-81,-133,-150,-172,-118,-128,-114,-137,-124,-190,-178,-304,-166,-439,-444,-567,-247,-479,-474,-462,-429,-483,-479,-483,-473,-2039,-2039,-1411,-1407,-6220,-6283,-5756,-5721,-2060,-1845,-29991,-29991,-29998,-29999]} 1. e4 e6 2. d3 d5 3. Nd2 Nf6 4. Ngf3 b6 5. c3 Bb7 6. Qc2 c5 {C00: French: Unusual White 2nd moves.} 7. Be2 Be7 8. O-O O-O {Black is slightly better.} 9. Re1 Qc7 10. a4 Nc6 11. Nf1 {[#]} Rac8 $146 ({Predecessor:} 11... a6 12. Ne3 b5 13. exd5 Nxd5 14. Nxd5 exd5 15. axb5 axb5 16. Rxa8 Rxa8 17. d4 c4 {0-1 (41) Pirker,C (2167)-Pali,P (2245) Playchess.com INT 2020}) 12. Ng3 h6 13. Bf1 Rfd8 14. e5 Nd7 {[%cal Rc6e5]} 15. Qe2 Nf8 (15... Na5 $17) 16. h4 (16. d4 $11) 16... d4 {[%cal Oc5c4]} 17. h5 $1 dxc3 (17... c4 $15 18. dxc4 dxc3) 18. bxc3 $11 Rd5 19. Bf4 Rcd8 20. Qe3 Ba6 {[%cal Ra6d3]} 21. c4 R5d7 22. Ne4 {[%cal Oa4a5,Bg3e4,Be4f6,Bf6d7][%mdl 32]} Nb4 {[#]} (22... Nh7 $1 $11) 23. Nf6+ $1 $16 Kh8 {[%cal Rd7d3]} (23... gxf6 $2 24. exf6 Qb7 25. fxe7 Rxe7 26. Be5 $18) 24. Nxd7 (24. Bxh6 $5 gxf6 25. exf6 Bxf6 26. Bf4 $15) 24... Nc2 $1 {[#]} 25. Qd2 (25. Nxc5 $1 $14 {is superior.} Bxc5 26. Qe2 Nxa1 27. Rxa1) 25... Nxe1 $11 26. Rxe1 {[%cal Od7f6] aiming for Nf6!} Qxd7 27. d4 {[#]} (27. Ra1 $11 {remains equal.}) 27... Bb7 $1 $36 {[%mdl 2048] Black has strong initiative.} ({Reject} 27... Qxa4 28. Bxh6 Bb7 29. Bg5 $11) 28. d5 ({White should try} 28. dxc5 Bxc5 29. Qc3) 28... exd5 29. e6 Nxe6 (29... fxe6 $19 30. cxd5 Qxd5 31. Qxd5 Bxd5) 30. Ne5 {[%csl LRd7,LRf7]} Qe8 31. Bxh6 {[%cal Oe5g6]} Bf6 {...dxc4 is the strong threat.} (31... gxh6 $2 32. Qxh6+ Kg8 33. Nxf7 Qxf7 34. Rxe6 $18) 32. Qc1 dxc4 33. Bxc4 (33. Ng4 $142) 33... Rd4 (33... Bxe5 $142 34. Rxe5 Qxa4) 34. Bb5 $2 (34. Bf4) 34... Qe7 $19 {White must now prevent ...Bxe5.} 35. Bd2 Rh4 (35... Bxe5 $142 36. Rxe5 Qd6 37. Rxe6 fxe6) 36. Bc4 $2 (36. Qc3) 36... Bxe5 37. Rxe5 Qd6 38. f4 Rg4 39. Bf1 Qc6 {[%cal Rg4g2]} 40. Kf2 (40. Re2 $142 Nd4 41. Qd1) 40... Rxg2+ 41. Ke1 Nd4 {( -> ...Nf3+)} 42. Bxg2 Qxg2 {[%cal Rg2g1]} 43. Re8+ Kh7 {[%cal Rg2g1]} 44. Qb1+ f5 {[%cal Rg2g1]} 45. Qd3 {[#]} Ba6 $1 {[%mdl 512]} 46. Qxa6 (46. Bc3 Bxd3) 46... Nf3+ {Weighted Error Value: White=0.71/Black=0.25 (precise)} 0-1

[Event "1st Guwahati GM Open 2022"]
[Site "Guwahati"]
[Date "2022.03.15"]
[Round "2.9"]
[White "Abdisalimov, Abdimalik"]
[Black "Iftikar Alom Mazumdar"]
[Result "1-0"]
[WhiteElo "2435"]
[BlackElo "1748"]
[Annotator "TA"]
[PlyCount "38"]
[EventDate "2022.03.15"]
[EventRounds "10"]
[EventCountry "IND"]
[SourceTitle "playchess.com"]
[Source "ChessBase"]
[SourceQuality "1"]

{[%evp 14,38,14,0,39,31,64,54,92,79,61,67,74,67,78,91,424,425,467,464,464,468,459,456,452,417,486]} 1. d4 Nf6 2. c4 g6 3. Nc3 Bg7 4. Nf3 O-O 5. Bg5 h6 6. Bh4 d6 7. e3 c5 8. Be2 cxd4 {E61: King's Indian: Early deviations for White, including Smyslov System.} (8... g5 $5 9. Bg3 Qb6 $11) 9. Nxd4 Nbd7 10. O-O a5 {White is slightly better.} 11. Rc1 {White is more active.} Nc5 {[#]} 12. f3 $146 {Inhibits Nfe4.} ({Predecessor:} 12. Qc2 a4 13. Rfd1 Qa5 14. h3 Bd7 15. Bf3 Rfc8 16. Qd2 Bc6 17. Nxc6 bxc6 18. Rb1 {½-½ (71) Gagarin,V (2289)-Jere,D (2370) Stockholm 2015}) 12... Qb6 13. Bxf6 Bxf6 14. Nd5 {[%cal Bc3d5,Bd5b6,Bb6a8][%mdl 32]} Qxb2 {[%mdl 8192] [#]} (14... Qd8 $16) 15. Rc2 $1 $18 Qa3 16. Nb5 Qa4 17. Nb6 {[%csl LRa4,LRa8] Pair of Knights!} Qb4 18. Nxa8 Bf5 {[#]} 19. e4 $1 Bxe4 {Black got outplayed after the opening.  Weighted Error Value: White=0.04 (flawless) /Black=0.69} (19... Nxe4 20. fxe4) 1-0

[Event "1st Guwahati GM Open 2022"]
[Site "Guwahati"]
[Date "2022.03.15"]
[Round "2.10"]
[White "Gholami Orimi, Mahdi"]
[Black "Elangbam Shashikanta Singh"]
[Result "1-0"]
[WhiteElo "2420"]
[BlackElo "1739"]
[Annotator "TA"]
[PlyCount "73"]
[EventDate "2022.03.15"]
[EventRounds "10"]
[EventCountry "IND"]
[SourceTitle "playchess.com"]
[Source "ChessBase"]
[SourceQuality "1"]

{[%evp 26,73,53,55,55,54,103,70,217,195,216,199,195,185,198,191,249,248,383,376,348,296,273,272,267,262,257,224,370,364,409,418,389,383,463,458,578,562,504,452,835,803,833,801,1053,1580,29971,4814,5612,2866]} 1. d4 {Jussupow,A} d5 2. c4 e6 3. Nc3 Nf6 4. cxd5 exd5 5. Bg5 Be7 6. e3 O-O 7. Bd3 c6 8. Nge2 Re8 9. Qc2 Nbd7 10. O-O Nf8 11. f3 {[%cal Bf2f3,Bf3e4][%mdl 32]} Nh5 12. Bxe7 Qxe7 13. e4 dxe4 14. fxe4 ({Much weaker is} 14. Nxe4 Bf5 $11) 14... Bg4 {D36: Queen's Gambit Declined: Exchange Variation: Main line (5 Bg5 c6 6 Qc2).} 15. e5 Rad8 (15... g6 $14 {is superior.}) 16. Ne4 $16 {[#]} f5 $146 (16... Ng6 $14) ({Predecessor:} 16... Ng6 17. Rad1 Rf8 18. h3 Bxe2 19. Bxe2 Nhf4 20. Bc4 Kh8 21. Rf3 f6 22. exf6 gxf6 {1-0 (41) Ivanchuk,V (2735)-Jussupow,A (2625) Brussels 1991 Candidates [Jussupow,A]}) 17. Nd6 $18 Rxd6 18. exd6 Qxd6 19. Qc4+ Kh8 {[#]} 20. Rae1 $1 Nf6 (20... g6 $142 21. Qf7 Rd8) 21. Ng3 {Threatens to win with Rxe8.} ({And not} 21. Bxf5 Bxf5 22. Rxf5 Ng4 $17) 21... Rd8 (21... Rxe1 {is a better defense.} 22. Rxe1 f4) 22. Bxf5 h5 23. Qc5 Qxd4+ 24. Qxd4 Rxd4 25. Bxg4 hxg4 26. Re7 Rd2 (26... Rb4 {was necessary.} 27. Nf5 Rxb2 28. Nxg7 Ng6) 27. Rxb7 Ng6 28. Nf5 Nh5 29. Rb4 {To avoid Ngf4} Ne5 30. Re4 Nd3 31. Rxg4 Rxb2 32. Ne7 {Strongly threatening Rh4.} Kh7 (32... Re2 $142 33. Nxc6 Kh7) 33. Rh4 {[%cal Rh4h5]} Kh6 34. g4 {[%csl Gg4][%cal Rh4h5]} g6 35. gxh5 (35. Rh3 $142) 35... Kg5 {[#]} 36. Rh3 (36. hxg6 $142 $1 Kxh4 (36... Rb8 37. g7) 37. g7 Rb8 38. Rf8 Rb1+ 39. Kg2 Rb5 40. Rh8+ Kg4 41. g8=Q+ Rg5 42. Qc4+ Nf4+ 43. Kf2) 36... Nf4 37. Rg3+ {White took control after the opening.  Weighted Error Value: White=0.11 (very precise) /Black=1.04} 1-0